000 00464nam a2200169 i 4500
001 73135
003 ES-MaACL
005 20230906171700.0
007 t|
008 040907s1969 sp ||||1| spa d
100 1 _aGómez del Castillo, Julián.
_957929
245 1 0 _aChecoslovaquia, todo un pueblo /
_cJ. Gómez del Castillo.
250 _a[1ª ed.].
260 _aMadrid :
_bZYX,
_c[1969]
300 _a91 p. ;
_c17 cm.
852 _aES-MaACL
_jC-36705
_bR.68470
999 _c73135
_d73135